Statistics for Animals that Start with F

Click here to take the quiz!

General Stats

  • This quiz has been taken 92,064 times
    (72,772 since last reset)
  • The average score is 10 of 14

Answer Stats

ClueAnimal% Correct
Says "ribbit"Frog
99%
Animal that people swatFly
95%
Pink wading birdFlamingo
92%
They travel in schoolsFish
86%
Baby deerFawn
81%
Weasel relative sometimes kept as a petFerret
78%
Lightning bugFirefly
75%
Bird of prey that can dive at 200 mphFalcon
74%
Animal once hunted by British aristocratsFox
72%
Spreader of the bubonic plagueFlea
64%
Rodent that glides between treesFlying Squirrel
61%
Song bird that comes in "bull" and "gold" varietiesFinch
59%
Flatfish with two eyes on the same sideFlounder
46%
Another name for a megabatFlying Fox
42%

Score Distribution

Percentile by Number Answered

Percent of People with Each Score

Your Score History

You have not taken this quiz since the last reset